000 00684nam a2200217 i 4500
001 20471
003 ES-MaACL
005 20230906152317.0
007 t|
008 021113s1973 sp ||||1| spa d
020 _a84-239-4759-9
020 _a84-239-4762-9
080 _a811.134.2'36
110 2 _aReal Academia Española.
_bComisión de Gramática.
_96338
245 1 0 _aEsbozo de una nueva gramática de la lengua española /
_cReal Academia Española (Comisión de Gramática).
260 _aMadrid :
_bEspasa-Calpe,
_c1973.
300 _a592 p. ;
_c22 cm.
650 4 _aLengua española-
_xGramática.
_914161
852 4 _aES-MaACL
_jC-52390
852 4 _aES-MaACL
_jC-55112
999 _c20471
_d20471